Concise Encyclopedia of Science and Technology : Volume 1 (Record no. 3513)
[ view plain ]
| 005 - DATE AND TIME OF LATEST TRANSACTION | |
|---|---|
| control field | 20250609124102.0 |
| 020 ## - INTERNATIONAL STANDARD BOOK NUMBER | |
| International Standard Book Number | 978-0-07-161366-8 |
| 082 ## - DEWEY DECIMAL CLASSIFICATION NUMBER | |
| Classification number | REF 503 McG |
| 245 ## - TITLE STATEMENT | |
| Title | Concise Encyclopedia of Science and Technology : Volume 1 |
| 250 ## - EDITION STATEMENT | |
| Edition statement | 6th Ed. |
| 260 ## - PUBLICATION, DISTRIBUTION, ETC. | |
| Place of publication, distribution, etc. | New Delhi, |
| Name of publisher, distributor, etc. | Mcgraw- Hill Irwin, |
| Date of publication, distribution, etc. | 2002. |
| 300 ## - PHYSICAL DESCRIPTION | |
| Extent | ix, 1133p.:Ill.; Ill.; figures , map & pictures. |
| Other physical details | Bibliographical references & Index |
| Dimensions | 28cm. |
| 942 ## - ADDED ENTRY ELEMENTS (KOHA) | |
| Source of classification or shelving scheme | Dewey Decimal Classification |
| Koha item type | Books |
| Date last seen | Total checkouts | Full call number | Barcode | Cost, replacement price | Price effective from | Koha item type | Lost status | Source of classification or shelving scheme | Damaged status | Not for loan | Withdrawn status | Home library | Current library | Shelving location | Date acquired | Cost, normal purchase price |
|---|---|---|---|---|---|---|---|---|---|---|---|---|---|---|---|---|
| 06/09/2025 | REF 503 McG | 00000011719 | 300000.00 | 06/09/2025 | Books | Dewey Decimal Classification | College of Business Education Main Library | College of Business Education Main Library | Reference Collection | 04/25/2013 | 100000.00 | |||||
| 06/09/2025 | REF 503 McG | 00000011720 | 300000.00 | 06/09/2025 | Books | Dewey Decimal Classification | College of Business Education Main Library | College of Business Education Main Library | Reference Collection | 04/25/2013 | 100000.00 | |||||
| 06/09/2025 | REF 503 McG | 00000011721 | 300000.00 | 06/09/2025 | Books | Dewey Decimal Classification | College of Business Education Main Library | College of Business Education Main Library | Reference Collection | 04/25/2013 | 100000.00 | |||||
| 06/09/2025 | REF 503 McG | 00000011722 | 300000.00 | 06/09/2025 | Books | Dewey Decimal Classification | College of Business Education Main Library | College of Business Education Main Library | Reference Collection | 04/25/2013 | 100000.00 |
